000 01254nac a22003131u 4500
010 _a 86045619
020 _a1555420192 (alk. paper)
082 0 0 _a658.4
_bBLO
090 _c6469
_d6469
100 _aBlock, Peter.
245 1 4 _aThe empowered manager :
_bpositive political skills at work /
_cPeter Block.
250 _a1st ed.
260 _aSan Francisco :
_bJossey-Bass,c.1987.
_cc.1987.
300 _axxii, 204 p. :
_bill. ;
_c24 cm.
440 4 _aThe Jossey-Bass management series.
500 _aIncludes index.
500 _aDistributer: Al-Ahram.
504 _aBibliography: p. 197-199.
511 _aCatalogued By: Mahitab.
650 0 _aOrganizational behavior.
650 0 _aOrganizational effectiveness.
650 0 _aOffice politics.
650 0 _aExecutive ability.
856 4 2 _3Contributor biographical information
_uhttp://www.loc.gov/catdir/bios/wiley043/86045619.html
856 4 2 _3Publisher description
_uhttp://www.loc.gov/catdir/description/wiley035/86045619.html
856 4 2 _3Table of Contents
_uhttp://www.loc.gov/catdir/toc/onix07/86045619.html
942 _cBB
_k658.4BLO
999 _c6469
_d6469